| 000 | 00948nas a2200265 4500 | ||
|---|---|---|---|
| 001 | BR8102136 | ||
| 003 | BR-BrBNA | ||
| 005 | 20231205084633.0 | ||
| 007 | ta | ||
| 008 | 230509b bl.|||p| |||| 00| 00por d | ||
| 040 |
_aBR-BrBNA _bpor _cBiblioteca Nacional de Agricultura |
||
| 041 | _a(Pt) | ||
| 072 | _aF10 | ||
| 100 | 1 | _aVianello, R.L. (Universidade Federal de Vicosa, MG (Brazil)) Rao, V.B. | |
| 245 | 1 | _aComponente vertical da velocidade do vento forcado pela topografia do Hemisferio sul [Pressao atmosferica] | |
| 246 | 1 | _a[Vertical component of the wind velocity caused by south Hemisphere topography [Atmospheric pressure]] | |
| 650 | _aMeteorologia | ||
| 650 | _aVento | ||
| 650 | _aTopografia | ||
| 650 | _aPressao atmosferica | ||
| 650 | _aHemisferio sul | ||
| 773 | 0 |
_tRevista Ceres (Brazil) _xISSN 0034-737X _g(1980), v. 27(150) p. 180-187 _wBR8102136 |
|
| 909 |
_a202311 _bLúcia _c55 _dLúcia Elande |
||
| 942 |
_2AGRIS _n0 _cANA |
||
| 999 |
_c106384 _d106384 |
||